=LDR 00000nam 2200000 4500 =001 INLIS000000000000638 =005 20150406151258.0 =006 =007 =008 Ind =035 ##$$0010-061300000000638 =041 ##$$a Ind =082 ##$$a 92(Princen) =090 ##$$a 92(Princen) Fen K =100 ##$$a Penema, Joyce Van =245 ##$$a Kemerdekaan memilih, otobiografi Poncke Princen / Joyce Van Fenema =260 ##$$a Jakarta $b Hasta Mitra $c 1995 =300 ##$$a xiii, 233 hlm. ; 21 cm =650 ##$$a Princen, Poncke =850 ##$$a NBPNMAT